| 000 | 00000nam##2200000za#4500 |
| 001 | 9.686395 |
| 003 | CaOODSP |
| 005 | 20210624230522 |
| 007 | cr ||||||||||| |
| 008 | 150407|2002||||xxc|||||o f|0| 0 eng|d |
| 040 | |aCaOODSP|beng |
| 043 | |an-cn--- |
| 086 | 1 |aH39-643/2002E-IN |
| 110 | 1 |aCanada.|bHealth Canada. |bPopulation and Public Health Branch. |
| 245 | 12|aA report on mental illnesses in Canada |h[electronic resource] |
| 260 | |aOttawa - Ontario : |bHealth Canada. |c2002. |
| 300 | |a108p.|bgraphs, references |
| 590 | |a02-48|b2002-11-29 |
| 775 | 08|tRapport sur les maladies mentales au Canada |w(CaOODSP)9.630866 |
| 776 | 0#|tA report on mental illnesses in Canada |w(CaOODSP)9.648649 |
| 856 | 40|ahttp://publications.gc.ca|qPDF|s2.608 MB|uhttps://publications.gc.ca/collections/Collection/H39-643-2002E.pdf |